X-cellent Answers Quiz Stats

 Plays Quiz Updated Oct 29, 2018

Score 0/19 Timer 05:00
7 Plays Today
Clue Answers % Correct
Suitable only for an adult audienceX-rated
93.1%
A musical instrument played with a malletXylophone
91.1%
Wolverine, Cyclops, NightcrawlerX-men
90.7%
Microsoft games consoleXbox
90%
A common saying referring to buried treasureX marks the spot
88.8%
Popular photocopier brandXerox
84.3%
Lucy Lawless' warrior princessXena
82.2%
Wavelengths between ultraviolet and gammaX-ray
81.4%
Cult science fiction drama with the slogan 'The truth is out there'The X-files
80.2%
The second densest Noble GasXenon
75.4%
Clue Answers % Correct
Greek for 'fear of foreigners'Xenophobia
66.1%
14th letter in the Greek alphabetXi
65.5%
An indescribable quality, or a TV talent show originating in the UKThe X-Factor
58.8%
Rapper and host of MTV's 'Pimp My Ride'Xzibit
43.7%
One of a pair of plant transport systemsXylem
20.7%
Nemesis of scientologyXenu
14.4%
Teal-colored, or an ancient Chinese capitalXanadu
8.4%
Mayan underworldXibalba
2.4%
African ground squirrelXerus
1.7%

You're not logged in!

Compare scores with friends on all Sporcle quizzes.
OR
Log In

Sporcle TV

Today on Sporcle TV


Watch our educational content, quiz creation guides, and fun videos on Sporcle TV.

Show Comments

Extras

Top Quizzes Today


Score Distribution

Your Account Isn't Verified!

In order to create a playlist on Sporcle, you need to verify the email address you used during registration. Go to your Sporcle Settings to finish the process.

Report this User

Report this user for behavior that violates our Community Guidelines.

Details: